[Event "Mittelrhein Verbandsliga-M 1112"]
[Site "Germany"]
[Date "2012.04.15"]
[Round "9.8"]
[White "Pickstone, Simon"]
[Black "Wulff, Gregor"]
[Result "1/2-1/2"]
[WhiteElo "1669"]
[BlackElo "1829"]
[PlyCount "32"]
[EventDate "2011.09.18"]
[EventType "team-tourn"]
[EventRounds "11"]
[EventCountry "GER"]
[SourceTitle "EXT 2013"]
[Source "ChessBase"]
[SourceDate "2012.11.22"]
[SourceVersion "1"]
[SourceVersionDate "2012.11.22"]
[SourceQuality "1"]
[WhiteTeam "Hitdorf SV Springer"]
[BlackTeam "Koeln Muelheim II"]
[WhiteTeamCountry "GER"]
[BlackTeamCountry "GER"]

1. e4 e5 2. Nf3 Nc6 3. Bc4 d6 4. h3 Be7 5. Nc3 Nf6 6. 0-0 Na5 7. Be2 c5 8. a3 b6 9. Re1 0-0 10. b4 Nc6 11. Rb1 a6 12. Bc4 b5 13. Ba2 Re8 14. Ng5 c4 15. d3 h6 16. Nf3 cxd3 1/2-1/2

[Event "Mittelrhein Verbandsliga-M 1112"]
[Site "Germany"]
[Date "2011.10.09"]
[Round "2.8"]
[White "Gross, Hans Joachim"]
[Black "Wulff, Gregor"]
[Result "1/2-1/2"]
[WhiteElo "1653"]
[BlackElo "1829"]
[PlyCount "31"]
[EventDate "2011.09.18"]
[EventType "team-tourn"]
[EventRounds "11"]
[EventCountry "GER"]
[SourceTitle "EXT 2013"]
[Source "ChessBase"]
[SourceDate "2012.11.22"]
[SourceVersion "1"]
[SourceVersionDate "2012.11.22"]
[SourceQuality "1"]
[WhiteTeam "Godesberg V"]
[BlackTeam "Koeln Muelheim II"]
[WhiteTeamCountry "GER"]
[BlackTeamCountry "GER"]

1. Nf3 d5 2. g3 c5 3. Bg2 Nc6 4. d4 e6 5. 0-0 Nf6 6. c4 Ne4 7. Nc3 cxd4 8. Nxd4 Nxc3 9. bxc3 Na5 10. cxd5 exd5 11. e4 dxe4 12. Bxe4 Be7 13. Qh5 g6 14. Qh6 Bf8 15. Qe3 Be7 16. Qh6 1/2-1/2